000 00921nam a22002777a 4500
003 CHAP
005 20220329135133.0
008 971013s r 00010 d
010 _a31506
011 _a32478
035 _a36593
040 _cCHAP
090 _aR-1293
100 0 0 _aCrampton, E. W.
_928826
245 _aSeasonal variation in chemical composition of pasture herbage and the relation to its digestibility by steers and sheep (Pasture studies-XXVI)
500 _aSobretiro de: J. Ani. Sci. 3(4): 333-339, 1944
590 _aBATCH-UPD
_b10
_c20130110
_lUCH01
_h0333
590 _aBATCH-UPD
_b10
_c20130410
_lUCH01
_h1453
590 _aBATCH-UPD
_b10
_c20130914
_lUCH01
_h1056
590 _aCONVERSION
_b10
_c20130109
_lUCH01
_h1318
650 1 4 _aPastos
_xAnĂ¡lisis.
_985993
650 1 4 _aPastos
_xDigestibilidad.
_986015
901 _aBK
942 _cREIMP
949 _aR-1293
_bBC
_cR
_d-84330
_eTS1
_i36593
_si
999 _c31506
_d31506